Normal view
MARC view
- Rubio León, Pamela Stephany
Entry Nombre Personal
001 - NUMERO DE CONTROL
- campo de control: 58544
003 - IDENTIFICADOR DE NUMERO DE CONTROL
- campo de control: UPN
005 - FECHA Y HORA DE LA ÜLTIMA TRANSACCIÓN
- campo de control: 20251210121119.0
008 - DATOS DE LONGITUD FIJA
- campo de control de longitud fija: 251210|| acn||aabn | a|a d
024 7# - OTROS IDENTIFICADORES NORMALIZADOS
- Fuente: orcid
- Número normalizado o código: https://orcid.org/0009-0001-8211-3636
040 ## - FUENTE DE CATALOGACIÓN
- Agencia original de catalogación: MX-MxUPN
100 1# - ENCABEZAMIENTO - NOMBRE PERSONAL
- Nombre personal: Rubio León, Pamela Stephany
370 ## - LUGAR ASOCIADO
- Associated country: Ecuador
371 ## - DIRECCIÓN
- Electronic mail address: prubiol1@est.ups.edu.ec
372 ## - CAMPO DE ACTIVIDAD
- Field of activity: Psicología
377 ## - LENGUA ASOCIADA
- Language code: spa
670 ## - FUENTE EN LA QUE SE LOCALIZARON DATOS
- Cita de la fuente: En recurso en línea: Psicología UNEMI. Vol. 9, no. 17 (2025)
- Información localizada: (Pamela Stephany Rubio León)
- Uniform Resource Identifier: https://ojs.unemi.edu.ec/index.php/faso-unemi/article/view/2227/2079
902 ## - CATALOGADOR
- Catalogador: Leonor Sotres/101225
